[Event "Prague Summer op 7th"]
[Site "Prague"]
[Date "2020.08.15"]
[Round "9"]
[White "Mukashev, Assan"]
[Black "Stinka, Jakub"]
[Result "1/2-1/2"]
[WhiteElo "2207"]
[BlackElo "2299"]
[PlyCount "113"]
[EventDate "2020.08.08"]
[EventType "swiss"]
[EventRounds "9"]
[EventCountry "CZE"]
[SourceTitle "CBM 197 Extra"]
[Source "ChessBase"]
[SourceDate "2020.09.30"]
[SourceVersion "1"]
[SourceVersionDate "2020.09.30"]
[SourceQuality "1"]

1. d4 Nf6 2. Nf3 e6 3. c4 Bb4+ 4. Nbd2 0-0 5. g3 d5 6. Qa4 c5 7. a3 Bxd2+ 8. Bxd2 cxd4 9. Nxd4 e5 10. Nb5 Nc6 11. Bg2 Be6 12. cxd5 Nxd5 13. 0-0 a6 14. Nc3 Nb6 15. Qd1 Nd4 16. Be3 Bb3 17. Qd3 Rc8 18. Qe4 Nc6 19. Bh3 Rb8 20. Bc5 Re8 21. Rfd1 Bxd1 22. Rxd1 Nd4 23. Bxd4 exd4 24. Qxd4 Qxd4 25. Rxd4 Red8 26. Rb4 Nd5 27. Nxd5 Rxd5 28. Bg4 b5 29. Bf3 Rc5 30. Rd4 Rc2 31. Rd6 a5 32. b3 Ra2 33. Bc6 Rxa3 34. Bxb5 Rxb3 35. Bc4 R3b4 36. Bd5 a4 37. Ra6 Rb1+ 38. Kg2 Ra1 39. Ra7 Rf8 40. h4 g6 41. g4 h6 42. g5 hxg5 43. hxg5 a3 44. e4 Kg7 45. Bb3 Rc1 46. Ba2 Rc3 47. Bd5 Kg8 48. Ba2 Rc5 49. Bd5 Rc3 50. Ba2 Kh8 51. Bxf7 Rc2 52. e5 a2 53. e6 Re2 54. Kf1 Rb2 55. e7 Rxf2+ 56. Kxf2 Rxf7+ 57. Kg3 1/2-1/2

[Event "CZE-chT2C 1920"]
[Site "Czech Republic"]
[Date "2019.11.17"]
[Round "3.1"]
[White "Zilka, Stepan"]
[Black "Mukashev, Assan"]
[Result "1-0"]
[WhiteElo "2551"]
[BlackElo "2259"]
[PlyCount "79"]
[EventDate "2019.10.13"]
[EventType "team-tourn"]
[EventRounds "11"]
[EventCountry "CZE"]
[SourceTitle "EXT 2024"]
[Source "ChessBase"]
[SourceDate "2023.10.10"]
[SourceVersion "1"]
[SourceVersionDate "2023.10.10"]
[SourceQuality "1"]
[WhiteTeam "Kutna Hora"]
[BlackTeam "Jicin"]
[WhiteTeamCountry "CZE"]
[BlackTeamCountry "CZE"]

1. d4 d5 2. c4 c6 3. Nf3 Nf6 4. Nc3 a6 5. e3 b5 6. b3 g6 7. Be2 Bg7 8. 0-0 0-0 9. Bb2 Nbd7 10. Qc2 Bb7 11. Rfd1 Rc8 12. c5 Qc7 13. b4 a5 14. bxa5 Qxa5 15. a4 b4 16. Na2 Ra8 17. Nxb4 Ne4 18. Nd2 Qxb4 19. Nxe4 Ba6 20. Bxa6 Rxa6 21. Nd2 e5 22. Bc3 Qb7 23. a5 e4 24. Rdb1 Qc8 25. Rb6 f5 26. Nb3 g5 27. Qe2 Ra7 28. h3 Nf6 29. a6 f4 30. Na5 f3 31. Qf1 fxg2 32. Qxg2 Rxa6 33. Nxc6 Rxa1+ 34. Bxa1 Qa8 35. Bb2 Nd7 36. Ne7+ Kf7 37. Rd6 Kxe7 38. Qg4 Qa4 39. Ba3 h5 40. Rxd7+ 1-0

[Event "Olomouc IM-A 20th"]
[Site "Olomouc"]
[Date "2017.08.17"]
[Round "7"]
[White "Klima, Lukas"]
[Black "Mukashev, Assan"]
[Result "1/2-1/2"]
[WhiteElo "2332"]
[BlackElo "2199"]
[PlyCount "118"]
[EventDate "2017.08.12"]
[EventType "tourn"]
[EventRounds "9"]
[EventCountry "CZE"]
[EventCategory "2"]
[SourceTitle "CBM 180 Extra"]
[Source "ChessBase"]
[SourceDate "2017.10.06"]
[SourceVersion "1"]
[SourceVersionDate "2017.10.06"]
[SourceQuality "1"]

1. e4 c5 2. Nf3 e6 3. b3 Nc6 4. Bb5 Qb6 5. Nc3 d6 6. Bb2 Bd7 7. 0-0 Nf6 8. Re1 e5 9. Bc4 Be7 10. Nd5 Nxd5 11. Bxd5 0-0-0 12. h3 g5 13. Nh2 h5 14. Bxf7 Rdf8 15. Bxh5 c4 16. Re3 Kb8 17. Bg4 Be8 18. Rb1 cxb3 19. axb3 Bg6 20. Nf3 Rf4 21. Qe2 Bf6 22. g3 Rxg4 23. hxg4 Qc7 24. Qf1 Qh7 25. Qg2 Bxe4 26. d3 Bd5 27. c4 Be6 28. Nh2 Qd7 29. b4 d5 30. b5 Nd4 31. Bxd4 exd4 32. Rxe6 Qxe6 33. Qxd5 Qxd5 34. cxd5 Rd8 35. f4 Rxd5 36. Nf3 Kc7 37. Nd2 Bd8 38. Kf2 Kb6 39. Nc4+ Kc5 40. Kf3 Rd7 41. Nd2 a5 42. Ne4+ Kb6 43. fxg5 Rf7+ 44. Nf6 Bxf6 45. gxf6 Rxf6+ 46. Ke4 a4 47. g5 Rf8 48. g6 Rf6 49. g4 Rxg6 50. Kf5 Rg8 51. g5 Ka5 52. b6 a3 53. g6 Ka4 54. Kf6 a2 55. Rg1 Kb3 56. Kf7 Ra8 57. g7 Kb2 58. Rg2+ Kb3 59. Rg1 Kb2 1/2-1/2

[Event "Olomouc IM-A 20th"]
[Site "Olomouc"]
[Date "2017.08.14"]
[Round "4"]
[White "Mukashev, Assan"]
[Black "Chkhaidze, Nikoloz"]
[Result "1/2-1/2"]
[WhiteElo "2199"]
[BlackElo "2367"]
[PlyCount "121"]
[EventDate "2017.08.12"]
[EventType "tourn"]
[EventRounds "9"]
[EventCountry "CZE"]
[EventCategory "2"]
[SourceTitle "CBM 180 Extra"]
[Source "ChessBase"]
[SourceDate "2017.10.06"]
[SourceVersion "1"]
[SourceVersionDate "2017.10.06"]
[SourceQuality "1"]

1. d4 Nf6 2. Nf3 g6 3. g3 Bg7 4. Bg2 0-0 5. 0-0 d6 6. b3 Nc6 7. Bb2 e5 8. dxe5 Ng4 9. c4 Ngxe5 10. Nxe5 Nxe5 11. Qd2 Rb8 12. f4 Nc6 13. Bxg7 Kxg7 14. Nc3 a6 15. Nd5 Be6 16. Qc3+ f6 17. Rad1 Ne7 18. Rfe1 c6 19. Nxe7 Qxe7 20. e4 Rbd8 21. Re3 c5 22. a4 b6 23. h3 Qc7 24. Red3 Rd7 25. g4 Kg8 26. f5 Bf7 27. h4 b5 28. g5 bxc4 29. bxc4 fxg5 30. hxg5 Rb8 31. e5 gxf5 32. Rxd6 Re7 33. e6 Rxe6 34. Rd7 Qe5 35. Qxe5 Rxe5 36. Bd5 Bxd5 37. R1xd5 Rxd5 38. Rxd5 Rb4 39. Rxc5 Rxa4 40. Rxf5 Rxc4 41. Rf6 a5 42. Kf2 Kg7 43. Kf3 a4 44. Ra6 Rc3+ 45. Kg4 a3 46. Kf5 Rf3+ 47. Kg4 Rb3 48. Kf5 Kf8 49. Ra7 Ke8 50. Kf6 Kd8 51. Kg7 Rh3 52. Kf6 Kc8 53. Kf5 Kb8 54. Ra4 Kb7 55. Kf6 Rg3 56. Rh4 Rf3+ 57. Ke6 Kb6 58. Rxh7 Rf1 59. Rh2 Ra1 60. g6 a2 61. Rxa2 1/2-1/2

[Event "Prague Summer op 4th"]
[Site "Prague"]
[Date "2017.08.11"]
[Round "9"]
[White "Campora, Daniel Hugo"]
[Black "Mukashev, Assan"]
[Result "1/2-1/2"]
[WhiteElo "2436"]
[BlackElo "2199"]
[PlyCount "84"]
[EventDate "2017.08.04"]
[EventType "swiss"]
[EventRounds "9"]
[EventCountry "CZE"]
[SourceTitle "CBM 179 Extra"]
[Source "ChessBase"]
[SourceDate "2017.08.23"]
[SourceVersion "1"]
[SourceVersionDate "2017.08.23"]
[SourceQuality "1"]

1. e4 e6 2. d4 d5 3. Nd2 Nf6 4. Bd3 c5 5. e5 Nfd7 6. c3 Nc6 7. Ne2 Qb6 8. Nf3 cxd4 9. cxd4 f6 10. exf6 Nxf6 11. 0-0 Bd6 12. Nc3 0-0 13. Be3 Qxb2 14. Nb5 Bb8 15. Rb1 Qxa2 16. Ra1 Qb2 17. Ra4 a6 18. Bc1 axb5 19. Rxa8 Qc3 20. Bxb5 Bd7 21. Ra3 Qb4 22. Rb3 Qa5 23. Bb2 Ne4 24. Qe2 Qc7 25. g3 Na5 26. Bxd7 Qxd7 27. Rd3 Nc4 28. Ne5 Bxe5 29. dxe5 Qc7 30. f3 Nc5 31. Rdd1 b5 32. Kg2 b4 33. Bd4 Nb3 34. Bg1 Ra8 35. f4 g6 36. Kh3 Nba5 37. Qg4 Qf7 38. f5 Nxe5 39. Qe2 Nac4 40. Bd4 exf5 41. Bxe5 Re8 42. Qd3 Rxe5 1/2-1/2

[Event "Pardubice Czech op-A 28th"]
[Site "Pardubice"]
[Date "2017.07.29"]
[Round "9"]
[White "Paszewski, Mateusz"]
[Black "Mukashev, Assan"]
[Result "1-0"]
[WhiteElo "2323"]
[BlackElo "2207"]
[PlyCount "103"]
[EventDate "2017.07.21"]
[EventType "swiss"]
[EventRounds "9"]
[EventCountry "CZE"]
[SourceTitle "CBM 179 Extra"]
[Source "ChessBase"]
[SourceDate "2017.08.23"]
[SourceVersion "1"]
[SourceVersionDate "2017.08.23"]
[SourceQuality "1"]

1. e4 e6 2. d4 d5 3. Nd2 c5 4. Ngf3 Nc6 5. exd5 Qxd5 6. Bc4 Qd8 7. dxc5 Bxc5 8. 0-0 Nf6 9. Qe2 0-0 10. Ne4 Be7 11. Rd1 Qc7 12. Bg5 Nd5 13. Bxd5 exd5 14. Rxd5 Be6 15. Rd2 Rfe8 16. Be3 Nb4 17. Nd4 Bd5 18. Nc3 Bc4 19. Qg4 Bf6 20. Ne4 Qe5 21. Nxf6+ Qxf6 22. Nf3 b5 23. Bd4 Qg6 24. Qxg6 hxg6 25. a3 Nc6 26. Be3 f6 27. h3 Rad8 28. Rad1 a5 29. b3 Rxd2 30. Rxd2 Bf7 31. Kf1 g5 32. Rd6 Re6 33. Rxe6 Bxe6 34. Ke1 Bd5 35. Ke2 Be4 36. Ne1 Kf7 37. f3 Bg6 38. Kd2 Ke6 39. c4 bxc4 40. bxc4 Ne5 41. Kc3 Kd6 42. f4 Nf7 43. fxg5 fxg5 44. Kd4 Bf5 45. Bd2 a4 46. Bb4+ Kc6 47. Nd3 g4 48. h4 g5 49. h5 g3 50. Ne5+ Nxe5 51. Kxe5 Bd3 52. h6 1-0

[Event "Pardubice op rapid 28th"]
[Site "Pardubice"]
[Date "2017.07.20"]
[Round "5"]
[White "Zdrazil, Tomas"]
[Black "Mukashev, Assan"]
[Result "1-0"]
[WhiteElo "2078"]
[BlackElo "2207"]
[PlyCount "95"]
[EventDate "2017.07.19"]
[EventType "swiss (rapid)"]
[EventRounds "9"]
[EventCountry "CZE"]
[SourceTitle "CBM 179 Extra"]
[Source "ChessBase"]
[SourceDate "2017.08.23"]
[SourceVersion "1"]
[SourceVersionDate "2017.08.23"]
[SourceQuality "1"]

1. e4 e6 2. d4 d5 3. Nd2 Nf6 4. e5 Nfd7 5. Bd3 c5 6. c3 Nc6 7. Ne2 Qb6 8. Nf3 f5 9. exf6 Nxf6 10. 0-0 Bd6 11. Bf4 Bxf4 12. Nxf4 cxd4 13. cxd4 0-0 14. Qd2 Bd7 15. Rfe1 Rae8 16. Rad1 Qc7 17. g3 e5 18. dxe5 Nxe5 19. Nxe5 Rxe5 20. Rxe5 Qxe5 21. Bc2 Bc6 22. Bb3 Kh8 23. Qd4 Qf5 24. h4 a6 25. Re1 Qd7 26. Re5 Re8 27. Nd3 Rf8 28. Nf4 Re8 29. Nd3 Rc8 30. Nc5 Qd6 31. Re6 Qf8 32. Nd3 Bb5 33. Nf4 Rc1+ 34. Kg2 Bf1+ 35. Kf3 Bb5 36. Kg2 Bd7 37. Re5 Qc8 38. f3 Bb5 39. h5 Bc4 40. h6 Bxb3 41. hxg7+ Kg8 42. axb3 Rc5 43. Re7 Rc2+ 44. Ne2 Qc6 45. Qe5 d4 46. Re6 d3 47. Rxc6 bxc6 48. Qxf6 1-0

[Event "Pardubice op rapid 28th"]
[Site "Pardubice"]
[Date "2017.07.19"]
[Round "1"]
[White "Movsesian, Sergei"]
[Black "Mukashev, Assan"]
[Result "1-0"]
[WhiteElo "2677"]
[BlackElo "2207"]
[PlyCount "73"]
[EventDate "2017.07.19"]
[EventType "swiss (rapid)"]
[EventRounds "9"]
[EventCountry "CZE"]
[SourceTitle "CBM 179 Extra"]
[Source "ChessBase"]
[SourceDate "2017.08.23"]
[SourceVersion "1"]
[SourceVersionDate "2017.08.23"]
[SourceQuality "1"]

1. c4 c6 2. Nf3 d5 3. e3 Bf5 4. Qb3 Qc7 5. cxd5 cxd5 6. Nc3 e6 7. Nb5 Qb6 8. Qa4 Nd7 9. Nbd4 Bg6 10. Ne5 Ngf6 11. h4 Qb4 12. Bb5 Qxa4 13. Bxa4 Bd6 14. f4 Bxe5 15. fxe5 Ng4 16. Nb5 0-0 17. d4 a6 18. Nd6 b5 19. Bd1 h5 20. Bf3 f6 21. exf6 Ndxf6 22. Bd2 Ra7 23. Rc1 Rd7 24. Rc6 Rfd8 25. Nc8 e5 26. 0-0 Bd3 27. Rfc1 Ne4 28. Bb4 Nxe3 29. dxe5 Re8 30. e6 Rdd8 31. Bxh5 Nc4 32. Ne7+ Kh7 33. Bg6+ Kh6 34. Bxe8 Rxe8 35. Nxd5 a5 36. e7+ Kh7 37. Nc7 1-0

[Event "Prague Summer op-A 3rd"]
[Site "Prague"]
[Date "2016.08.07"]
[Round "3"]
[White "Gusain, Himal"]
[Black "Mukashev, Assan"]
[Result "1-0"]
[WhiteElo "2453"]
[BlackElo "2258"]
[PlyCount "59"]
[EventDate "2016.08.05"]
[EventType "swiss"]
[EventRounds "9"]
[EventCountry "CZE"]
[SourceTitle "CBM 173 Extra"]
[Source "ChessBase"]
[SourceDate "2016.08.29"]
[SourceVersion "1"]
[SourceVersionDate "2016.08.29"]
[SourceQuality "1"]

1. e4 e6 2. d4 d5 3. Nc3 Nf6 4. e5 Nfd7 5. f4 c5 6. Nf3 Nc6 7. Be3 Be7 8. Qd2 h6 9. dxc5 Nxc5 10. 0-0-0 Qa5 11. Kb1 Bd7 12. a3 Rc8 13. Nd4 Nxd4 14. Bxd4 Na4 15. Nxa4 Qxa4 16. g4 h5 17. Be2 hxg4 18. Bxg4 g6 19. h4 Kd8 20. h5 gxh5 21. Bxh5 Be8 22. f5 Kc7 23. f6 Bf8 24. Be2 Rxh1 25. Rxh1 Kb8 26. Rh8 Bc5 27. Bxc5 Rxc5 28. b3 Qd7 29. a4 a6 30. Bxa6 1-0

[Event "Prague Summer op-A 3rd"]
[Site "Prague"]
[Date "2016.08.05"]
[Round "1"]
[White "Vazquez Gonzalez, Jesus"]
[Black "Mukashev, Assan"]
[Result "0-1"]
[WhiteElo "1935"]
[BlackElo "2258"]
[PlyCount "44"]
[EventDate "2016.08.05"]
[EventType "swiss"]
[EventRounds "9"]
[EventCountry "CZE"]
[SourceTitle "CBM 173 Extra"]
[Source "ChessBase"]
[SourceDate "2016.08.29"]
[SourceVersion "1"]
[SourceVersionDate "2016.08.29"]
[SourceQuality "1"]

1. e4 e6 2. d4 d5 3. Bd3 c5 4. c3 Nc6 5. Ne2 dxe4 6. Bxe4 Nf6 7. Bxc6+ bxc6 8. 0-0 Ba6 9. Re1 Be7 10. Bg5 0-0 11. Ng3 cxd4 12. cxd4 Rb8 13. b3 Rb7 14. Nc3 Rd7 15. Qf3 Bb7 16. Nce4 Nxe4 17. Bxe7 Qxe7 18. Qxe4 c5 19. Qe5 cxd4 20. Rad1 Rd5 21. Nf5 Qg5 22. Qc7 Rd7 0-1

[Event "Pardubice Czech op-A 25th"]
[Site "Pardubice"]
[Date "2014.07.21"]
[Round "4"]
[White "Jovanic, Ognjen"]
[Black "Mukashev, Assan"]
[Result "1/2-1/2"]
[WhiteElo "2482"]
[BlackElo "2261"]
[PlyCount "82"]
[EventDate "2014.07.18"]
[EventType "swiss"]
[EventRounds "9"]
[EventCountry "CZE"]
[SourceTitle "CBM 161 Extra"]
[Source "ChessBase"]
[SourceDate "2014.08.29"]
[SourceVersion "1"]
[SourceVersionDate "2014.08.29"]
[SourceQuality "1"]

1. d4 Nf6 2. c4 e6 3. Nf3 c5 4. e3 d5 5. Nc3 cxd4 6. exd4 Be7 7. Bd3 dxc4 8. Bxc4 0-0 9. 0-0 a6 10. a3 Nbd7 11. Ba2 b5 12. Bg5 Bb7 13. Re1 Nb6 14. Ne5 Nfd5 15. Bxe7 Qxe7 16. Ne4 Nf6 17. Nc5 Bd5 18. Bb1 Nc4 19. Qc2 Rfc8 20. Ned3 Na5 21. Nb4 Qd6 22. Qd3 Rd8 23. Qc3 Qb6 24. Bc2 Nc6 25. Rac1 a5 26. Nxd5 Nxd5 27. Qh3 Nxd4 28. Bxh7+ Kf8 29. Be4 Ra7 30. Qh8+ Ke7 31. Qxg7 Nf6 32. Bg6 Rf8 33. b4 axb4 34. axb4 Qd6 35. Rcd1 Ne2+ 36. Kf1 Qxh2 37. Kxe2 Qxg2 38. Nxe6 Ra2+ 39. Rd2 Qg4+ 40. Kf1 Qh3+ 41. Kg1 Qg4+ 1/2-1/2

[Event "SVK-ch op"]
[Site "Banska Stiavnica"]
[Date "2013.07.12"]
[Round "7"]
[White "Repkova, Eva"]
[Black "Mukashev, Assan"]
[Result "1/2-1/2"]
[WhiteElo "2374"]
[BlackElo "2247"]
[PlyCount "63"]
[EventDate "2013.07.06"]
[EventType "swiss"]
[EventRounds "9"]
[EventCountry "SVK"]
[SourceTitle "CBM 155 Extra"]
[Source "ChessBase"]
[SourceDate "2013.08.26"]
[SourceVersion "1"]
[SourceVersionDate "2013.08.26"]
[SourceQuality "1"]

1. e4 e6 2. d4 c5 3. Nf3 cxd4 4. Nxd4 Nf6 5. Nc3 Nc6 6. Be3 Bb4 7. Nxc6 bxc6 8. Qd3 Ng4 9. Bd2 Bc5 10. Nd1 Qh4 11. Qg3 Qxg3 12. hxg3 d5 13. Be2 Nf6 14. e5 Nd7 15. f4 f6 16. exf6 Nxf6 17. Nc3 Rb8 18. g4 d4 19. Na4 Bd6 20. Bf3 Bd7 21. b3 Nd5 22. g3 e5 23. 0-0-0 0-0 24. c4 Nf6 25. fxe5 Bxe5 26. Nc5 Rbc8 27. Nxd7 Nxd7 28. Be4 g6 29. Bf4 Bxf4+ 30. gxf4 Rxf4 31. Rxd4 Nf6 32. Bf5 1/2-1/2

[Event "SVK-ch op"]
[Site "Banska Stiavnica"]
[Date "2013.07.09"]
[Round "4"]
[White "Mukashev, Assan"]
[Black "Oszczanowski, Witold"]
[Result "0-1"]
[WhiteElo "2247"]
[BlackElo "1936"]
[PlyCount "158"]
[EventDate "2013.07.06"]
[EventType "swiss"]
[EventRounds "9"]
[EventCountry "SVK"]
[SourceTitle "CBM 155 Extra"]
[Source "ChessBase"]
[SourceDate "2013.08.26"]
[SourceVersion "1"]
[SourceVersionDate "2013.08.26"]
[SourceQuality "1"]

1. d4 Nf6 2. Nf3 e6 3. c4 Nc6 4. g3 Bb4+ 5. Nbd2 0-0 6. Bg2 d6 7. a3 Bxd2+ 8. Bxd2 Qe7 9. b4 e5 10. dxe5 Nxe5 11. Nxe5 dxe5 12. 0-0 c6 13. Qc2 Be6 14. Rfd1 h6 15. Be3 Qc7 16. h3 Rfd8 17. Kh2 Nd7 18. f4 exf4 19. Bxf4 Qc8 20. e4 c5 21. Bd6 Nb6 22. Bxc5 Nxc4 23. Qc3 Qc7 24. Bd4 f6 25. a4 Rac8 26. a5 a6 27. Rac1 Qf7 28. Qe1 Qh5 29. Qf1 Bg4 30. Rxc4 Bxd1 31. Bb6 Be2 32. Rxc8 Rxc8 33. Qf4 Qe5 34. Qe3 Bc4 35. Bd4 Qe6 36. e5 Bd5 37. exf6 Rc2 38. Qxe6+ Bxe6 39. Kg1 Rc4 40. Bc5 gxf6 41. Bxb7 Rc1+ 42. Kg2 Bc4 43. Kf3 Kf7 44. Ke4 Bf1 45. Kd4 Ke6 46. Bc8+ Kf7 47. Bb7 Rd1+ 48. Ke3 Bc4 49. h4 Ke6 50. g4 Ke5 51. Bf8 Rd3+ 52. Kf2 Rb3 53. Bf3 Rb2+ 54. Kg3 Rb3 55. Kf2 Rb2+ 56. Kg3 Bd5 57. Bxd5 Kxd5 58. Bxh6 Rxb4 59. h5 Ke6 60. Bd2 Rd4 61. Be1 f5 62. gxf5+ Kxf5 63. Kf3 Kg5 64. Ke3 Rd7 65. Bb4 Kxh5 66. Ke4 Kg4 67. Ke5 Rb7 68. Bd2 Kf3 69. Kd6 Ke2 70. Bg5 Kd3 71. Bd8 Kc4 72. Kc6 Rg7 73. Kd6 Kb5 74. Bb6 Rg2 75. Kd7 Rg6 76. Kc7 Rc6+ 77. Kb7 Rc4 78. Kb8 Ra4 79. Kc7 Rxa5 0-1